| 000 | 00605nam a2200229Ia 4500 | ||
|---|---|---|---|
| 008 | 160319s9999 xx 000 0 und d | ||
| 020 | _a0-439135753 | ||
| 050 | _aFic | ||
| 050 | _b.C475s | ||
| 100 | _aCharles, Faustin | ||
| 245 | 4 | _aThe selfish crocodile / | |
| 245 | _cFaustin Charles ; and Michael Terry, [illustrator]. | ||
| 260 | _aWaukesha, Wis. : | ||
| 260 | _bLittle Tiger Press, | ||
| 260 | _c1999 | ||
| 650 | _aCrocodiles -- | ||
| 650 | _aJungle animals -- | ||
| 650 | _aMice -- | ||
| 650 | _xJuvenile fiction. | ||
| 650 | _xJuvenile fiction. | ||
| 650 | _xJuvenile fiction. | ||
| 999 |
_c292021 _d292021 |
||